Les analyseurs de l'Église: analyse institutionnelle en milieu chrétien

Saved in:  
Bibliographic Details
Main Author: Lourau, René (Author)
Format: Print Book
Language:French
Subito Delivery Service: Order now.
Check availability: HBZ Gateway
WorldCat: WorldCat
Interlibrary Loan:Interlibrary Loan for the Fachinformationsdienste (Specialized Information Services in Germany)
Published: Paris Éd. Anthropos 1972
In:Year: 1972
Series/Journal:Contre-sociologie
Further subjects:B Sociology
B Holy See (motif)

MARC

LEADER 00000cam a22000002c 4500
001 1144855462
003 DE-627
005 20240503190802.0
007 tu
008 990313s1972 xx ||||| 00| ||fre c
035 |a (DE-627)1144855462 
035 |a (DE-576)074855468 
035 |a (DE-599)BSZ074855468 
035 |a (OCoLC)00748926 
035 |a (DE-604)8072938064 
040 |a DE-627  |b ger  |c DE-627  |e rakwb 
041 |a fre 
084 |a 1  |2 ssgn 
084 |a BL 5000  |2 rvk  |0 (DE-625)rvk/12154: 
100 1 |a Lourau, René  |4 aut 
245 1 4 |a Les analyseurs de l'Église  |b analyse institutionnelle en milieu chrétien  |c René Lourau 
264 1 |a Paris  |b Éd. Anthropos  |c 1972 
300 |a 336 S. 
336 |a Text  |b txt  |2 rdacontent 
337 |a ohne Hilfsmittel zu benutzen  |b n  |2 rdamedia 
338 |a Band  |b nc  |2 rdacarrier 
490 0 |a Contre-sociologie 
583 1 |a Archivierung prüfen  |c 20200919  |f DE-640  |z 1  |2 pdager 
583 1 |a Archivierung/Langzeitarchivierung gewährleistet  |f SSG  |x XA-DE-BW  |2 pdager  |5 DE-21 
610 2 7 |0 (DE-588)2009545-4  |0 (DE-627)101659261  |0 (DE-576)191644501  |a Katholische Kirche  |2 gnd 
650 0 7 |0 (DE-588)4077624-4  |0 (DE-627)104152036  |0 (DE-576)209205849  |a Soziologie  |2 gnd 
935 |a mteo 
936 r v |a BL 5000  |b Allgemeines  |k Theologie und Religionswissenschaften  |k Christliche Gesellschaftslehre  |k Kirche und soziale Ordnung  |k Allgemeines  |0 (DE-627)1270727281  |0 (DE-625)rvk/12154:  |0 (DE-576)200727281 
951 |a BO 
ELC |b 1 
ITA |a 1  |t 1 
LOK |0 000 xxxxxcx a22 zn 4500 
LOK |0 001 2351859251 
LOK |0 003 DE-627 
LOK |0 004 1144855462 
LOK |0 005 20090709135029 
LOK |0 008 990313||||||||||||||||ger||||||| 
LOK |0 040   |a DE-21  |c DE-627  |d DE-21 
LOK |0 852   |a DE-21 
LOK |0 852 1  |c 14 A 8905  |9 00 
LOK |0 935   |a kram  |a konv  |a theo  |a sepp 
LOK |0 939   |a 13-03-99  |b l01 
ORI |a SA-MARC-ixtheoa001.raw 
STA 0 0 |a Holy See (motif),Catholic church,Catholic Church,Catholic Church,Former pilgrimage church Saint Ottilia,Sociology 
STB 0 0 |a Saint-Siège (motif),Église catholique,Église catholique,Sociologie 
STC 0 0 |a Movimiento juvenil católico,Sociología 
STD 0 0 |a Chiesa cattolica,Sociologia 
STE 0 0 |a 天主教会,罗马公教,社会学 
STF 0 0 |a 天主教會,羅馬公教,社會學 
STG 0 0 |a Igreja católica,Sociologia 
STH 0 0 |a Католическая церковь (мотив),Социология 
STI 0 0 |a Καθολική Εκκλησία (μοτίβο),Κοινωνιολογία 
SYB 0 0 |a Katolikus Egyház,RCC,Katoličeskaj Cerkovʹ,Katoličke Cerkve,Katolska Cyrkej,Katolske Kirke,Ecclesia Catholica,Igreja Católica,Römisch-Katholische Kirche,Katholikē Ekklēsia,Catholic Church,Roman Catholic Church,Eglise Catholique,Eglise Catholique Romaine,Chiesa Cattolica,Katholieke Kerk,Iglesia Católica,Katolické Církve,Kościoł Katolicki,Katoličke Crkve,Eglise catholique romaine,Chiesa cattolica romana,Roman catholic Church,Eglise catholique,Römische Kirche , Eglise catholique,Roman Catholic Church,Catholic Church , Ehemalige Wallfahrtskirche Sankt Ottilia 
SYE 0 0 |a Allgemeine Soziologie,Gesellschaftslehre,Gesellschaft,Gesellschaftstheorie,Sozialtheorie,Soziallehre